[Event "Almansa op-B 12th"]
[Site "Almansa"]
[Date "2017.08.03"]
[Round "4"]
[White "Gazquez Corral, Alba"]
[Black "Molla Gil, Pablo"]
[Result "0-1"]
[WhiteElo "1760"]
[BlackElo "1882"]
[PlyCount "108"]
[EventDate "2017.08.01"]
[EventType "swiss"]
[EventRounds "9"]
[EventCountry "ESP"]
[SourceTitle "EXT 2019"]
[Source "ChessBase"]
[SourceDate "2018.10.10"]
[SourceVersion "1"]
[SourceVersionDate "2018.10.10"]
[SourceQuality "1"]

1. e4 e5 2. Nf3 Nc6 3. d4 exd4 4. Bc4 Bc5 5. c3 d6 6. cxd4 Bb4+ 7. Bd2 Bxd2+ 8. Nbxd2 Nf6 9. 0-0 0-0 10. h3 d5 11. exd5 Nxd5 12. Ne4 Nb6 13. Bb3 Bf5 14. Re1 Bg6 15. Qd2 Bh5 16. g4 Bg6 17. Rad1 Re8 18. Ng3 Qf6 19. Kg2 Rad8 20. g5 Qd6 21. d5 Rxe1 22. Qxe1 Ne7 23. Ne4 Bxe4 24. Qxe4 Nbxd5 25. Ne5 c6 26. Ng4 Qc7 27. Ne3 Nxe3+ 28. Qxe3 Rxd1 29. Bxd1 b6 30. Bb3 g6 31. Qd4 Nf5 32. Qf6 c5 33. Bc2 Qb7+ 34. f3 Qd5 35. Bxf5 Qxf5 36. Qd8+ Kg7 37. Qd2 f6 38. h4 fxg5 39. hxg5 Kf7 40. Kg3 Ke6 41. f4 Qd5 42. Qc3 Qd4 43. Qc2 c4 44. Qe2+ Kd5 45. Kg4 Qe4 46. Qd2+ Qd3 47. Qh2 Qd1+ 48. Kg3 Qe1+ 49. Kg4 Ke4 50. Qg2+ Kd4 51. Qb7 Ke3 52. Qf3+ Kd4 53. f5 gxf5+ 54. Kxf5 Qe5+ 0-1

[Event "Almansa op-B 12th"]
[Site "Almansa"]
[Date "2017.08.02"]
[Round "3"]
[White "Molla Gil, Pablo"]
[Black "Gonzalez Sanchez, Jose"]
[Result "1-0"]
[WhiteElo "1882"]
[BlackElo "1645"]
[PlyCount "104"]
[EventDate "2017.08.01"]
[EventType "swiss"]
[EventRounds "9"]
[EventCountry "ESP"]
[SourceTitle "EXT 2019"]
[Source "ChessBase"]
[SourceDate "2018.10.10"]
[SourceVersion "1"]
[SourceVersionDate "2018.10.10"]
[SourceQuality "1"]

1. e3 d5 2. Nf3 Nf6 3. c4 c6 4. d4 e6 5. Nc3 Nbd7 6. Bd3 dxc4 7. Bxc4 b5 8. Be2 a6 9. a3 Bb7 10. 0-0 c5 11. dxc5 Bxc5 12. b4 Be7 13. Bb2 0-0 14. Qb3 Qb8 15. h3 Nb6 16. Rfd1 Nbd5 17. Nxd5 Bxd5 18. Qc3 Qb7 19. Qe5 Rfd8 20. Qg5 h6 21. Qg3 Nh5 22. Qh2 Rac8 23. Rac1 Rxc1 24. Rxc1 Rc8 25. Rxc8+ Qxc8 26. Nd4 Nf6 27. Qe5 Bd8 28. Nf3 Qc2 29. Bf1 Bc7 30. Qc3 Qxc3 31. Bxc3 Bxf3 32. gxf3 Nd5 33. Bb2 f6 34. Bg2 a5 35. e4 Nf4 36. Bf1 axb4 37. axb4 Bb6 38. Bc1 Bc7 39. Bxf4 Bxf4 40. Bxb5 Kf7 41. Bc4 Ke7 42. Kf1 Bd6 43. b5 Bc5 44. Ke2 e5 45. Bd5 Kd6 46. h4 g5 47. h5 Bd4 48. Kf1 Ke7 49. Kg2 Kf8 50. Kg3 Kg7 51. Kg4 Bxf2 52. Kf5 Bd4 1-0

[Event "Almansa op-B"]
[Site "Almansa"]
[Date "2014.08.08"]
[Round "6"]
[White "Cebrian Flores, Juan Antonio"]
[Black "Molla Gil, Pablo"]
[Result "0-1"]
[WhiteElo "1995"]
[BlackElo "1789"]
[PlyCount "70"]
[EventDate "2014.08.05"]
[EventType "swiss"]
[EventRounds "9"]
[EventCountry "ESP"]
[SourceTitle "EXT 2019"]
[Source "ChessBase"]
[SourceDate "2018.10.10"]
[SourceVersion "1"]
[SourceVersionDate "2018.10.10"]
[SourceQuality "1"]

1. e4 e5 2. Nf3 Nc6 3. Bb5 a6 4. Bxc6 dxc6 5. 0-0 Bd6 6. d4 Bg4 7. c3 Nf6 8. h3 Bxf3 9. Qxf3 0-0 10. Bg5 Re8 11. Re1 exd4 12. cxd4 Be7 13. Bxf6 Bxf6 14. Nc3 Qxd4 15. Rad1 Qb4 16. Re2 h6 17. Rd7 Rac8 18. Qh5 Re7 19. Qf5 g6 20. Rd4 gxf5 21. Rxb4 Bxc3 22. bxc3 b6 23. Re3 fxe4 24. Rexe4 Rxe4 25. Rxe4 Rd8 26. Re7 Rd1+ 27. Kh2 Rc1 28. Rxc7 Rxc3 29. f3 Kg7 30. Kg3 a5 31. Kf4 b5 32. g4 b4 33. h4 a4 34. h5 a3 35. g5 Rc4+ 0-1